000 00686cam a22002293a 4500
001 26889
003 PGUSA
005 20140828083559.0
008 081012s2008||||xxu|||||s|||||000 1 eng d
040 _aPGUSA
_beng
042 _adc
050 4 _aPR
100 1 _aStacpoole, H. De Vere
_q(Henry De Vere),
_d1863-1951
245 1 4 _aThe Pools of Silence
_h[electronic resource] /
_cH. De Vere Stacpoole
260 _bProject Gutenberg,
_c2008
506 _aPublic domain in the USA.
516 _aElectronic text
653 _aSafaris -- Congo (Democratic Republic) -- Fiction
830 0 _aProject Gutenberg
_v26889
856 4 0 _uhttp://www.gutenberg.org/ebooks/26889
942 _cEB
999 _c256144
_d256144